| 000 | 01839cam a2200445 i 4500 | ||
|---|---|---|---|
| 001 | 125046 | ||
| 005 | 20230410103914.0 | ||
| 008 | 140211s2013 enk b 001 0 eng d | ||
| 035 | _a18039773 | ||
| 925 | 0 |
_aacquire _b2 shelf copies _xSel/rjc, 2014-05-14 |
|
| 942 |
_2lcc _cbk |
||
| 010 | _a 2013474763 | ||
| 016 | 7 |
_a016457638 _2Uk |
|
| 020 | _a9781780765365 | ||
| 020 | _a1780765363 | ||
| 035 | _a(OCoLC)ocn852224626 | ||
| 040 |
_aBTCTA _beng _cBTCTA _erda _dUKMGB _dYDXCP _dBDX _dNLE _dNDD _dCUV _dCDX _dNUI _dLYU _dDLC |
||
| 041 | _aeng | ||
| 042 | _alccopycat | ||
| 050 | 1 | 4 |
_a432 DS 95.6 _bO83s 2013 |
| 082 | 0 | 0 | _a327.569105692 |
| 100 | 1 | _aOsoegawa, Taku. | |
| 245 | 1 | 0 |
_aSyria and Lebanon : _binternational relations and diplomacy in the Middle East / _cTaku Osoegawa. |
| 260 |
_aLondon : _bI. B. Tauris, _c2013. |
||
| 300 |
_ax, 246 p. ; _c22 cm. |
||
| 490 | 1 |
_aLibrary of Modern Middle East Studies ; _v140 |
|
| 504 | _aIncludes bibliographical references (pages [219]-228) and index. | ||
| 505 | 0 | 0 |
_tIntroduction: the analytical framework -- _tDisruption in the Lebanese state and Syrian intervention (1970-1988) -- _tLebanon from 'anarchy' to 'indirect rule' under Syria (1988-2005) -- _tLebanon after the end of Syrian hegemony (since 2005) -- _tConclusion. |
| 651 | 0 |
_aSyria _xForeign relations _zLebanon. |
|
| 651 | 0 |
_aLebanon _xForeign relations _zSyria. |
|
| 651 | 0 |
_aSyria _xForeign relations _y1971- |
|
| 651 | 0 |
_aLebanon _xHistory _y1990- |
|
| 651 | 4 |
_aSiria _xRelaciones exteriores _y1971- |
|
| 651 | 4 |
_aSiria _xRelaciones exteriores _zLíbano. |
|
| 651 | 4 |
_aLíbano _xRelaciones exteriores _zSiria |
|
| 651 | 4 |
_aLíbano _xHistoria. |
|
| 830 | 0 |
_aLibrary of modern Middle East studies ; _v140. |
|
| 856 | 4 | 1 |
_3Table of contents only _uhttp://www.loc.gov/catdir/enhancements/fy1410/2013474763-t.html |
| 946 | _adpf | ||
| 999 |
_c28160 _d28160 |
||